00618nam a2200145 a 450000100100000000500170001000800410002704000250006808200150009310000220010824500900013026000500022030000200027050001820029000003395720200930070645.0110914s1903 dr 000 0 spa d aDO-SdBNPbspacBNPHU axxxxbC1171 aCabral, Alejandro10aConsideraciones acerca del suero antitetánico en Santo Domingo /cAlejandro Cabral. aSanto Domingo :bImp. "Flor del Ozma",c1903. a31 p. ;c23 cm. aTesis para obtar por el título de licenciatura en medicina del Instituto Profesional de Santo Domingo, jurado examinador : Salvador B. Gautier, Ramón Báez, Rodolfo Coiscuo